000 00310nam a22001337a 4500
008 170301b xxu||||| |||| 00| 0 eng d
020 _a9781416059967
041 _aeng
080 _a61
100 _a6
101 _aSHM
245 _aEVIDENCE BASED PRACTICE OF ANESTHESIOLOGY
_cFLEISHER..L.A
942 _2udc
_cBK
999 _c6488
_d6488